[Event "IECG CP.2003.S.00005 email"]
[Site "IECG email"]
[Date "2006.04.01"]
[Round "?"]
[White "Goebert, Frank"]
[Black "Grafen, Denis"]
[Result "1-0"]
[WhiteElo "2072"]
[BlackElo "2410"]
[PlyCount "33"]
[EventDate "2006.04.01"]
[EventType "tourn (corr)"]
[EventRounds "6"]
[EventCountry "USA"]
[SourceTitle "Corr 2008"]
[Source "ChessBase"]
[SourceDate "2008.06.24"]
[SourceVersion "1"]
[SourceVersionDate "2008.06.24"]
[SourceQuality "1"]

1. Nf3 Nf6 2. c4 c5 3. Nc3 e6 4. g3 b6 5. Bg2 Bb7 6. 0-0 Be7 7. Re1 d6 8. e4 a6 9. d4 cxd4 10. Nxd4 Qc7 11. b3 0-0 12. Bb2 Nbd7 13. Rc1 Rfe8 14. Rc2 Rad8 15. Rd2 Ne5 16. Nc2 h5 17. f4 1-0

[Event "IECG CP.2003.S.00005 email"]
[Site "IECG email"]
[Date "2006.04.01"]
[Round "?"]
[White "Goebert, Frank"]
[Black "Raffaele, Enzo"]
[Result "1-0"]
[WhiteElo "2072"]
[BlackElo "2253"]
[PlyCount "91"]
[EventDate "2006.04.01"]
[EventType "tourn (corr)"]
[EventRounds "6"]
[EventCountry "USA"]
[SourceTitle "Corr 2008"]
[Source "ChessBase"]
[SourceDate "2008.06.24"]
[SourceVersion "1"]
[SourceVersionDate "2008.06.24"]
[SourceQuality "1"]

1. d4 d5 2. c4 e6 3. Nf3 c5 4. cxd5 exd5 5. g3 Nc6 6. Bg2 Nf6 7. Nc3 Be7 8. 0-0 0-0 9. Bg5 cxd4 10. Nxd4 h6 11. Be3 Re8 12. Rc1 Bf8 13. Qa4 Ne7 14. Qb3 a6 15. a4 b6 16. Rfd1 Bb7 17. Nc2 Nd7 18. Nxd5 Nxd5 19. Bxd5 Bxd5 20. Qxd5 Nc5 21. Qf3 Qe7 22. Nb4 Qe4 23. Nd5 Rab8 24. Bf4 Qxf3 25. exf3 Rb7 26. Nc7 Reb8 27. b4 Nxa4 28. Nxa6 Ra8 29. Nc7 Rc8 30. b5 Nc5 31. Nd5 f6 32. h4 Kf7 33. Ne3 Ra8 34. Bd6 Bxd6 35. Rxd6 Ra4 36. h5 Rb4 37. Nf5 Nb3 38. Rc8 Rxb5 39. g4 Rc5 40. Rh8 Rxf5 41. gxf5 Nc5 42. Rc6 Ke7 43. Kg2 Nd7 44. f4 Ra7 45. Rhc8 Rb7 46. R6c7 1-0

[Event "IECG CP.2003.Q.00002 email"]
[Site "IECG email"]
[Date "2005.01.15"]
[Round "?"]
[White "Dyakov, Alexander V"]
[Black "Goebert, Frank"]
[Result "1-0"]
[WhiteElo "2272"]
[BlackElo "1863"]
[PlyCount "63"]
[EventDate "2005.01.15"]
[EventType "tourn (corr)"]
[EventRounds "6"]
[SourceTitle "Corr 2008"]
[Source "ChessBase"]
[SourceDate "2008.06.24"]
[SourceVersion "1"]
[SourceVersionDate "2008.06.24"]
[SourceQuality "1"]

1. e4 c5 2. Nf3 d6 3. d4 cxd4 4. Nxd4 Nf6 5. Nc3 a6 6. Bg5 e6 7. f4 Be7 8. Qf3 Qc7 9. 0-0-0 Nbd7 10. g4 b5 11. Bxf6 Nxf6 12. g5 Nd7 13. f5 Nc5 14. f6 gxf6 15. gxf6 Bf8 16. Rg1 h5 17. a3 Qb6 18. Bh3 b4 19. axb4 Qxb4 20. Nd5 exd5 21. exd5 Bxh3 22. Qxh3 Qa4 23. Kb1 Kd8 24. b3 Qd7 25. Qc3 Qb7 26. Nc6+ Kc7 27. Rg7 Bxg7 28. fxg7 Rhg8 29. Rf1 f6 30. Qxf6 Qc8 31. Qc3 Qd7 32. Ne5 1-0

[Event "IECG CP.2003.P.00067 email"]
[Site "IECG email"]
[Date "2004.05.26"]
[Round "?"]
[White "Engelhard, Christof"]
[Black "Goebert, Frank"]
[Result "1/2-1/2"]
[WhiteElo "800"]
[BlackElo "1514"]
[PlyCount "64"]
[EventDate "2003.10.01"]
[EventType "tourn (corr)"]
[EventRounds "6"]
[EventCountry "USA"]
[SourceTitle "Corr 2008"]
[Source "ChessBase"]
[SourceDate "2008.06.24"]
[SourceVersion "1"]
[SourceVersionDate "2008.06.24"]
[SourceQuality "1"]

1. e4 c5 2. Nc3 d6 3. g3 Nc6 4. Bg2 g6 5. f4 Bg7 6. d3 e6 7. Nf3 Nge7 8. 0-0 0-0 9. Be3 b6 10. d4 Ba6 11. Re1 Na5 12. Bf2 Qc7 13. e5 Rad8 14. exd6 Rxd6 15. Ne4 Rdd8 16. c3 cxd4 17. cxd4 Bb7 18. Rc1 Qb8 19. b4 Nac6 20. b5 Nb4 21. Qd2 Nbd5 22. Ne5 h6 23. a4 Nf6 24. Nxf6+ Bxf6 25. Nc6 Bxc6 26. bxc6 Nd5 27. f5 Bg5 28. Be3 Nxe3 29. c7 Nxg2 30. Qxg2 Qa8 31. cxd8Q Qxd8 32. Rcd1 exf5 1/2-1/2

[Event "CFriend AP-2004-Q-00009 email"]
[Site "Chessfriend.com"]
[Date "2004.03.22"]
[Round "?"]
[White "Calugaru, Viorel"]
[Black "Goebert, Frank"]
[Result "0-1"]
[WhiteElo "2325"]
[BlackElo "1753"]
[PlyCount "56"]
[EventDate "2004.??.??"]
[EventType "tourn (corr)"]
[EventRounds "12"]
[SourceTitle "Corr 2008"]
[Source "ChessBase"]
[SourceDate "2008.06.24"]
[SourceVersion "1"]
[SourceVersionDate "2008.06.24"]
[SourceQuality "1"]

1. d4 Nf6 2. c4 e6 3. Nf3 d5 4. Nc3 c6 5. e3 Nbd7 6. Bd3 dxc4 7. Bxc4 b5 8. Bd3 Bb7 9. e4 b4 10. Na4 c5 11. e5 Nd5 12. Nxc5 Nxc5 13. dxc5 Bxc5 14. 0-0 h6 15. Bb5+ Ke7 16. Bd2 Qb6 17. Be2 Rac8 18. Qb1 g5 19. Qd3 Kf8 20. Rac1 Kg7 21. h4 Rhd8 22. Qb3 Nf4 23. Bxf4 gxf4 24. Rce1 Rg8 25. Qd3 Kh8 26. Rd1 Rg4 27. Qd7 Rf8 28. Ne1 Rg7 0-1

[Event "AP-2004-Q-00009"]
[Site "Chessfriend.com"]
[Date "2004.03.22"]
[Round "1"]
[White "Goebert, Frank"]
[Black "Kuehne, Mathias"]
[Result "1-0"]
[WhiteElo "2083"]
[BlackElo "1530"]
[PlyCount "21"]
[EventDate "2004.??.??"]
[EventType "tourn (corr)"]
[SourceTitle "Corr 2024"]
[Source "ChessBase"]
[SourceDate "2023.10.19"]
[SourceVersion "1"]
[SourceVersionDate "2023.10.19"]
[SourceQuality "1"]

1. d4 d5 2. c4 dxc4 3. Nf3 Nc6 4. e4 Na5 5. Qa4+ Nc6 6. d5 Qd7 7. dxc6 bxc6 8. Ne5 Qd6 9. Na3 Bd7 10. Naxc4 Qd4 11. Be3 1-0

[Event "CFriend AP-2004-Q-00009 email"]
[Site "Chessfriend.com"]
[Date "2004.03.22"]
[Round "?"]
[White "Goebert, Frank"]
[Black "Willoughby, Peter"]
[Result "1-0"]
[WhiteElo "1753"]
[BlackElo "1451"]
[PlyCount "59"]
[EventDate "2004.??.??"]
[EventType "tourn (corr)"]
[EventRounds "12"]
[SourceTitle "Corr 2008"]
[Source "ChessBase"]
[SourceDate "2008.06.24"]
[SourceVersion "1"]
[SourceVersionDate "2008.06.24"]
[SourceQuality "1"]

1. d4 f5 2. g3 Nf6 3. Bg2 g6 4. Nh3 Bg7 5. Nf4 0-0 6. h4 e6 7. Nd2 d6 8. Nf3 Ne4 9. Ng5 Nxg5 10. hxg5 c6 11. c3 a5 12. Be3 Qe7 13. Qa4 b5 14. Qa3 Rf7 15. 0-0-0 Bb7 16. Qb3 e5 17. dxe5 dxe5 18. Bc5 Qe8 19. Ne6 Nd7 20. a4 Ba6 21. Bd6 bxa4 22. Qa2 Rc8 23. e4 fxe4 24. Bxe4 Be2 25. Rde1 Bg4 26. Nxg7 Kxg7 27. Rh6 Rxf2 28. Reh1 Qg8 29. Qxa4 Bh5 30. R1xh5 1-0

[Event "CFriend AP-2004-Q-00009 email"]
[Site "Chessfriend.com"]
[Date "2004.03.22"]
[Round "?"]
[White "Kann, Cedric"]
[Black "Goebert, Frank"]
[Result "1/2-1/2"]
[WhiteElo "1890"]
[BlackElo "1753"]
[PlyCount "60"]
[EventDate "2004.??.??"]
[EventType "tourn (corr)"]
[EventRounds "12"]
[SourceTitle "Corr 2008"]
[Source "ChessBase"]
[SourceDate "2008.06.24"]
[SourceVersion "1"]
[SourceVersionDate "2008.06.24"]
[SourceQuality "1"]

1. e4 e6 2. d4 d5 3. Nc3 Bb4 4. e5 c5 5. a3 Bxc3+ 6. bxc3 Ne7 7. Qg4 0-0 8. Bd3 f5 9. exf6 Rxf6 10. Bg5 Rf7 11. Qh5 g6 12. Qd1 Qa5 13. Bd2 Nbc6 14. Nf3 c4 15. Be2 Nf5 16. 0-0 Nd6 17. Ng5 Re7 18. f4 Bd7 19. Bf3 h6 20. Nh3 Rf8 21. Nf2 Kh7 22. Qe1 Qa4 23. Qc1 Ref7 24. Rb1 b6 25. Ng4 Nf5 26. Ra1 b5 27. Be2 Be8 28. Rf3 Kg8 29. Rh3 Rh7 30. Qd1 a6 1/2-1/2

[Event "AP-2004-Q-00009"]
[Site "Chessfriend.com"]
[Date "2004.03.22"]
[Round "1"]
[White "Kasperek, Ryszard"]
[Black "Goebert, Frank"]
[Result "0-1"]
[WhiteElo "2496"]
[BlackElo "2083"]
[PlyCount "76"]
[EventDate "2004.??.??"]
[EventType "tourn (corr)"]
[SourceTitle "Corr 2024"]
[Source "ChessBase"]
[SourceDate "2023.10.19"]
[SourceVersion "1"]
[SourceVersionDate "2023.10.19"]
[SourceQuality "1"]

1. e4 c5 2. Nf3 d6 3. d4 cxd4 4. Qxd4 a6 5. Be3 Nc6 6. Qb6 Qxb6 7. Bxb6 Nf6 8. Nc3 Bg4 9. Nd5 Nxd5 10. exd5 Nb4 11. 0-0-0 Rc8 12. c4 e6 13. Kd2 exd5 14. a3 Nc6 15. cxd5 Ne7 16. Bd4 Nxd5 17. Bd3 Nf4 18. Rde1+ Kd7 19. Be4 f5 20. Bxb7 Rb8 21. Bxa6 Nxg2 22. Be2 Nxe1 23. Rxe1 Be7 24. Rg1 Rhg8 25. h3 Bxh3 26. Rh1 Bg4 27. Rxh7 g6 28. b4 Ke6 29. Rh1 Rgc8 30. Bd1 Bxf3 31. Bxf3 Bf6 32. Re1+ Be5 33. Kd3 g5 34. Bd1 Kf6 35. Bb3 Rh8 36. Bd5 g4 37. f3 Bxd4 38. Kxd4 Rh2 0-1

[Event "IECG WC.2008.P.00012 email"]
[Site "IECG email"]
[Date "2004.03.05"]
[Round "?"]
[White "Goebert, Frank"]
[Black "Roberts, Anthony"]
[Result "1-0"]
[WhiteElo "1514"]
[BlackElo "2160"]
[PlyCount "91"]
[EventDate "2004.03.05"]
[EventType "tourn (corr)"]
[EventRounds "6"]
[SourceTitle "Corr 2008"]
[Source "ChessBase"]
[SourceDate "2008.06.24"]
[SourceVersion "1"]
[SourceVersionDate "2008.06.24"]
[SourceQuality "1"]

1. Nf3 d5 2. d4 Nf6 3. c4 c6 4. Nc3 dxc4 5. a4 Bf5 6. e3 e6 7. Bxc4 Bb4 8. 0-0 Nbd7 9. Qe2 0-0 10. e4 Bg6 11. Bd3 Bh5 12. e5 Nd5 13. Nxd5 exd5 14. Bf5 Re8 15. g4 Bg6 16. Bd2 Bxd2 17. Qxd2 a5 18. h4 Bxf5 19. gxf5 f6 20. e6 Nb6 21. Qf4 Nc4 22. b3 Nd6 23. Rfe1 Re7 24. h5 Rc8 25. Nd2 Ne8 26. Re3 Qd6 27. Qg4 Qb4 28. Rd3 Nd6 29. Kh2 h6 30. Qf4 Rec7 31. Rg1 Kh7 32. Rdg3 Ne8 33. Nf3 b5 34. Rg6 bxa4 35. bxa4 Rb8 36. Qg3 Qf8 37. e7 Qxe7 38. Rxh6+ Kg8 39. Re1 Qf7 40. Rg6 Rbb7 41. h6 Re7 42. Rh1 Re2 43. Qh4 Qf8 44. Kg2 Re4 45. Qh5 Rf4 46. Rh3 1-0

[Event "IECG WC.2008.P.00012 email"]
[Site "IECG email"]
[Date "2004.03.05"]
[Round "?"]
[White "Guilloux, Jean Yves"]
[Black "Goebert, Frank"]
[Result "0-1"]
[WhiteElo "2080"]
[BlackElo "1514"]
[PlyCount "104"]
[EventDate "2004.03.05"]
[EventType "tourn (corr)"]
[EventRounds "6"]
[SourceTitle "Corr 2008"]
[Source "ChessBase"]
[SourceDate "2008.06.24"]
[SourceVersion "1"]
[SourceVersionDate "2008.06.24"]
[SourceQuality "1"]

1. e4 c5 2. Nf3 d6 3. d4 cxd4 4. Nxd4 Nf6 5. Nc3 a6 6. Be2 e6 7. Be3 Qc7 8. f4 b5 9. Bf3 Bb7 10. a3 Nbd7 11. 0-0 Be7 12. Qe2 0-0 13. Kh1 Nb6 14. Rad1 Nc4 15. Bc1 Rac8 16. Rd3 Rfe8 17. b3 Nb6 18. Bb2 Nbd7 19. Rfd1 Nf8 20. g3 Ng6 21. Qg2 Bf8 22. R3d2 e5 23. Nde2 Be7 24. f5 Nf8 25. Nc1 Bc6 26. Nd3 a5 27. Bc1 h6 28. Re2 N8h7 29. h4 h5 30. b4 Qa7 31. Qg1 Qa8 32. Qe1 Bb7 33. Bb2 Rc4 34. bxa5 Qxa5 35. Nb4 Bf8 36. Rd3 Rec8 37. Qd2 Qa8 38. Qe3 Ng4 39. Bxg4 hxg4 40. Nbd5 Rxe4 41. Nxe4 Bxd5 42. Kg1 Bc4 43. Nd2 Qb7 44. Rf2 Nf6 45. Rc3 d5 46. Rxc4 dxc4 47. Bxe5 Re8 48. Qd4 Nd7 49. Bd6 Bxd6 50. Qxd6 Re1+ 51. Nf1 Ne5 52. Qd2 Qe4 0-1